000 00460nam a2200181Ia 4500
005 20260429112121.0
008 260429s9999||||xx |||||||||||||| ||und||
020 _a9788180300960
041 _aEnglish
082 _a578
_bSIN
100 _aSingh, Shailendra
245 0 _aTextbook of enzymes /
_cShailendra Singh
250 _a1st ed.
260 _aSrinagar :
_bA. R. Enterprises,
_c2024.
300 _aix, 265 p.; hb
650 _aEnzymes
942 _cTB
999 _c52436
_d52436